Statistics for U, V, W, X, Y, Z Colors

Click here to take the quiz!

General Stats

  • This quiz has been taken 835 times
    (754 since last reset)
  • The average score is 6 of 19

Answer Stats

HintAnswer% Correct
Yellow
85%
Violet
81%
White
81%
Ultramarine
52%
Umber
45%
Yellow Green
32%
Vermilion
28%
Yellow Orange
25%
Violet Blue
20%
Violet Red
18%
Wisteria
18%
Zinc
17%
Wheat
14%
Viridian
12%
Zucchini
10%
Xanthic
5%
Van Dyke Brown
4%
Ulysses Butterfly
2%
Wasabi
2%

Score Distribution

Percentile by Number Answered

Percent of People with Each Score

Your Score History

You have not taken this quiz since the last reset